Älteste Universitäten in Deutschland - Statistiken

Allgemein
  • Dieses Quiz wurde 75 mal gespielt
  • Das Durchschnittsergebnis liegt bei 11 aus 20
Antwortstatistiken
Hint Antwort % Korrekt
1472 Ludwig-Maximilians-Universität München
97%
1386 Ruprecht-Karls-Universität Heidelberg
94%
1696 Universität der Künste Berlin
92%
1388 Universität zu Köln
85%
1409 Universität Leipzig
67%
1457 Albert-Ludwigs-Universität Freiburg im Breisgau
65%
1558 Friedrich-Schiller-Universität Jena
61%
1662 Akademie der Bildenden Künste Nürnberg
59%
1477 Johannes-Gutenberg-Universität Mainz
59%
1665 Christian-Albrechts-Universität zu Kiel
56%
1379 Universität Erfurt
52%
1477 Eberhard Karls Universität Tübingen
45%
1419 Universität Rostock
45%
1502 Martin-Luther-Universität Halle-Wittenberg
42%
1527 Philipps-Universität Marburg
41%
1402 Julius-Maximilians-Universität Würzburg
35%
1456 Universität Greifswald
29%
1607 Justus-Liebig-Universität Gießen
27%
1647 Otto-Friedrich-Universität Bamberg
24%
1614 Theologische Fakultät Paderborn
15%
Keine übereinstimmenden Quizze gefunden
Verteilung der Resultate
Anzahl Personen mit jedem Resultat
Perzentil nach korrekt beantworteten Fragen
Ihre Resultats-Entwicklung
Sie haben dieses Quiz noch nicht gespielt